000 00494nam a2200181Ia 4500
005 20250326125343.0
008 250326s9999 xx 000 0 und d
037 _aTextbook
040 _aFMSL
_beng
_cFMSL
041 _aeng
_2eng
084 _aX8(D3):8 L1
_qFMSL
100 _aO'brien J J
_9738923
245 0 _aContractor's management handbook
_cO'brien J J
260 _aNY
_bNY, McGraw-Hill
_c1971
300 _avp
942 _cTB
_hX8(D3):8 L1
999 _c1277661
_d1277661